Heat and mass transfer (Record no. 5861)

000 -LEADER
fixed length control field 00529nam a2200205 4500
001 - CONTROL NUMBER
control field 5861
003 - CONTROL NUMBER IDENTIFIER
control field BD-DhUET
008 - FIXED-LENGTH DATA ELEMENTS--GENERAL INFORMATION
fixed length control field 700409m19679999is a b 000 0 eng
040 ## - CATALOGING SOURCE
Original cataloging agency DLC
Transcribing agency DLC
Modifying agency BD-DhUET
082 00 - DEWEY DECIMAL CLASSIFICATION NUMBER
Classification number 621.011
Item number ECK/1959
100 ## - MAIN ENTRY--PERSONAL NAME
Personal name Eckert, R. R. G.
245 00 - TITLE STATEMENT
Title Heat and mass transfer
250 ## - EDITION STATEMENT
Edition statement 2nd ed.
260 ## - PUBLICATION, DISTRIBUTION, ETC. (IMPRINT)
Place of publication, distribution, etc. New York
Name of publisher, distributor, etc. McGraw-Hill
Date of publication, distribution, etc. 1959
300 ## - PHYSICAL DESCRIPTION
Extent xiv, 530p.
490 1# - SERIES STATEMENT
Series statement McGraw-Hill series in mechanical engineering
650 #0 - SUBJECT ADDED ENTRY--TOPICAL TERM
Topical term or geographic name as entry element Heat-Transmission
700 ## - ADDED ENTRY--PERSONAL NAME
Personal name Drake, Robert M.
942 ## - ADDED ENTRY ELEMENTS (KOHA)
Koha item type General Book
Holdings
Location (home branch) Date acquired Not for loan Koha item type Price effective from Koha date last borrowed Koha full call number Koha issues (times borrowed) Lost status Damaged status Source of classification or shelving scheme Copy number Koha date last seen Piece designation (barcode) Shelving location Koha normalized classification for sorting Withdrawn status Sublocation or collection (holding branch)
Central Library, BUET2014-11-29 General Book2014-11-29 621.011/ECK/1959     2014-11-2936668Circulation section621_011000000000000_ECK_1959 Central Library, BUET
Central Library, BUET2014-12-03 General Book2014-12-03 621.011/ECK/1959    22014-12-0314884Circulation section621_000000000000000_011ECK1959 Central Library, BUET
Central Library, BUET2015-04-12 General Book2015-04-12 621.011/ECK/1959    32015-04-1211302Circulation section621_011000000000000_ECK_1959 Central Library, BUET
Central Library, BUET2015-04-12 General Book2015-04-12 621.011/ECK/1959    42015-04-1231276Circulation section621_011000000000000_ECK_1959 Central Library, BUET
Central Library, BUET2015-04-12 General Book2015-04-12 621.011/ECK/1959    52015-04-1231274Circulation section621_011000000000000_ECK_1959 Central Library, BUET
Central Library, BUET2015-04-12 General Book2015-04-12 621.011/ECK/1959    62015-04-1231271Circulation section621_011000000000000_ECK_1959 Central Library, BUET
Central Library, BUET2015-04-12 General Book2015-04-12 621.011/ECK/1959    72015-04-1231272Circulation section621_011000000000000_ECK_1959 Central Library, BUET
Central Library, BUET2015-04-13 General Book2015-04-132020-03-02621.011/ECK/19591   82021-11-2831277Circulation section621_011000000000000_ECK_1959 Central Library, BUET
Central Library, BUET2015-04-13 General Book2015-04-13 621.011/ECK/1959    92015-04-1311301Circulation section621_011000000000000_ECK_1959 Central Library, BUET
Central Library, BUET2015-04-13 General Book2015-04-13 621.011/ECK/1959    102015-04-1311303Circulation section621_011000000000000_ECK_1959 Central Library, BUET
Central Library, BUET2015-04-13 General Book2015-04-13 621.011/ECK/1959    112015-04-1324625Circulation section621_011000000000000_ECK_1959 Central Library, BUET
Central Library, BUET2015-04-13 General Book2015-04-13 621.011/ECK/1959    122015-04-137652Circulation section621_011000000000000_ECK_1959 Central Library, BUET
Central Library, BUET2015-04-13 General Book2015-04-13 621.011/ECK/1959    132015-04-1324320Circulation section621_011000000000000_ECK_1959 Central Library, BUET
Central Library, BUET2015-04-13 General Book2015-04-13 621.011/ECK/1959    142015-04-1324976Circulation section621_011000000000000_ECK_1959 Central Library, BUET
Central Library, BUET2015-04-13 General Book2015-04-13 621.011/ECK/1959    152015-04-1331275Circulation section621_011000000000000_ECK_1959 Central Library, BUET
Central Library, BUET2015-06-16 General Book2015-06-16 621.011/ECK/1959    162015-06-167655Reading section621_011000000000000_ECK_1959 Central Library, BUET